[Event "GER-ch Candidates 96th"]
[Site "Munich"]
[Date "2025.05.20"]
[Round "5"]
[White "Herbrig, Alexander"]
[Black "Manucharyan, Andriy"]
[Result "1/2-1/2"]
[WhiteElo "2297"]
[BlackElo "2141"]
[PlyCount "94"]
[EventDate "2025.05.17"]
[EventType "swiss"]
[EventRounds "9"]
[EventCountry "GER"]
[SourceTitle "CB22_2025"]
[SourceDate "2025.05.28"]
[SourceVersion "1"]
[SourceVersionDate "2025.05.28"]
[SourceQuality "1"]

1. d4 Nf6 2. c4 e6 3. Nf3 d5 4. g3 Bb4+ 5. Bd2 a5 6. Bg2 0-0 7. Qc2 c5 8. cxd5 cxd4 9. Nxd4 Nxd5 10. 0-0 Bd7 11. Rd1 Qb6 12. e4 Rc8 13. Qd3 Bc5 14. exd5 Bxd4 15. Bc3 Bxf2+ 16. Kh1 Bc5 17. Nd2 exd5 18. Bxd5 Bc6 19. Nc4 Qc7 20. Ne5 Bxd5+ 21. Qxd5 Bb4 22. Rf1 Bxc3 23. bxc3 Nc6 24. Nd7 Nd8 25. Rae1 Ne6 26. Rxf7 Qc6 27. Qxc6 Rxc6 28. Re7 Nf8 29. R1e3 Ng6 30. R7e4 Rac8 31. h4 Rxc3 32. Rxc3 Rxc3 33. h5 Nf8 34. Re8 Rf3 35. Rb8 Rf7 36. Nxf8 Rxf8 37. Rxb7 Rf2 38. Rb8+ Kf7 39. Rb7+ Kf6 40. Rb6+ Kf7 41. Rb7+ Kf6 42. Rb6+ Kg5 43. Rb5+ Rf5 44. a4 Kg4 45. h6 gxh6 46. Kg2 h5 47. Rb7 h6 1/2-1/2

[Event "Munich op-A 2nd"]
[Site "Munich"]
[Date "2024.05.30"]
[Round "5"]
[White "Weihrauch, Jakob"]
[Black "Manucharyan, Andriy"]
[Result "0-1"]
[WhiteElo "2272"]
[BlackElo "2083"]
[PlyCount "202"]
[EventDate "2024.05.26"]
[EventType "swiss"]
[EventRounds "9"]
[EventCountry "GER"]
[SourceTitle "CBM 220 Extra"]
[Source "ChessBase"]
[SourceDate "2024.07.31"]
[SourceVersion "1"]
[SourceVersionDate "2024.07.31"]
[SourceQuality "1"]

1. e4 e6 2. d4 d5 3. Nc3 Bb4 4. e5 Ne7 5. a3 Bxc3+ 6. bxc3 c5 7. Qg4 cxd4 8. Bd3 Qa5 9. Rb1 Qxc3+ 10. Bd2 Qc7 11. Qxg7 Rg8 12. Qxh7 Qxe5+ 13. Ne2 Nd7 14. Qh4 Nc6 15. Bb5 Rh8 16. Qg4 a6 17. f4 Qf6 18. Bxc6 bxc6 19. 0-0 Nc5 20. Ng3 e5 21. Qg5 Qxg5 22. fxg5 Ne4 23. Nxe4 dxe4 24. Rf6 Be6 25. Rb7 0-0-0 26. Rb6 Bd5 27. c4 Be6 28. Rxa6 Kb7 29. Ra5 e3 30. Bc1 Bxc4 31. Rxe5 Rhe8 32. Rff5 Be6 33. Rf1 Kc7 34. Rd1 Bb3 35. Rxe8 Rxe8 36. Rxd4 e2 37. Bf4+ Kc8 38. Bd2 e1Q+ 39. Bxe1 Rxe1+ 40. Kf2 Ra1 41. Rd3 Bd5 42. g4 Ra2+ 43. Kg3 Rg2+ 44. Kh3 Re2 45. Kg3 Re4 46. Kh4 Kd7 47. Kh5 Ke7 48. h3 Re5 49. Rc3 Kf8 50. a4 Kg7 51. Kh4 Kg6 52. a5 Re8 53. a6 Ra8 54. Ra3 Ra7 55. Ra4 Be6 56. Rd4 Rxa6 57. Rd6 Rb6 58. Rd3 Rb8 59. Rd6 Rc8 60. Rd4 c5 61. Rd3 c4 62. Rf3 c3 63. Rxc3 Rh8+ 64. Kg3 Kxg5 65. Rc5+ Kg6 66. Rb5 Rc8 67. Kh4 Rc3 68. Rg5+ Kf6 69. Rb5 Re3 70. Rc5 Rd3 71. Rh5 Bd5 72. Rf5+ Ke6 73. Rf2 Re3 74. Rh2 Ra3 75. Rf2 Ra8 76. Rf5 Be4 77. Rf4 Bc2 78. Rf2 Ba4 79. Kg3 Bc6 80. Re2+ Kf6 81. Rf2+ Kg6 82. Rc2 Ra3+ 83. Kh4 Be4 84. Rb2 Rf3 85. Rb6+ Kg7 86. Rb2 Bd3 87. Rg2 Kg6 88. Rg1 Bc4 89. Rg2 Kf6 90. Rc2 Bf1 91. Rh2 Ke5 92. Rh1 Ke4 93. Rh2 Kf4 94. Rh1 Bg2 95. Rh2 Rg3 96. Kh5 Rxh3+ 97. Rxh3 Bxh3 98. Kh4 Bf1 99. Kh5 Be2 100. Kh4 Bf3 101. g5 Bd1 0-1

[Event "Reykjavik op"]
[Site "Reykjavik"]
[Date "2024.03.19"]
[Round "7"]
[White "Ruiz Buendia, Miguel"]
[Black "Manucharyan, Andriy"]
[Result "1-0"]
[WhiteElo "2366"]
[BlackElo "2080"]
[PlyCount "65"]
[EventDate "2024.03.15"]
[EventType "swiss"]
[EventRounds "9"]
[EventCountry "ISL"]
[SourceTitle "CBM 219 Extra"]
[Source "ChessBase"]
[SourceDate "2024.05.31"]
[SourceVersion "1"]
[SourceVersionDate "2024.05.31"]
[SourceQuality "1"]

1. e4 e6 2. d4 d5 3. Nc3 Bb4 4. e5 Ne7 5. a3 Bxc3+ 6. bxc3 c5 7. Qg4 cxd4 8. Bd3 Qa5 9. Ne2 0-0 10. Bg5 Ng6 11. f4 Nd7 12. 0-0 dxc3 13. Rf3 f5 14. Qh5 Rf7 15. g4 Nc5 16. gxf5 exf5 17. Kh1 Be6 18. Nd4 Qb6 19. Rg1 Ne4 20. Nxe6 Qxe6 21. Bxe4 dxe4 22. Rh3 Nf8 23. Bf6 Rc7 24. Rhg3 g6 25. Qh6 Rac8 26. h4 Kf7 27. Bg7 e3 28. Rxe3 Qd5+ 29. Rg2 Qd1+ 30. Kh2 Ne6 31. Qxh7 Nxg7 32. e6+ Ke8 33. Qg8+ 1-0

[Event "Mittelfrank Regionalliga Sud-West 2223"]
[Site "Mittelfranken"]
[Date "2023.04.23"]
[Round "9.1"]
[White "Ruprecht, Martin"]
[Black "Manucharyan, Andriy"]
[Result "1-0"]
[WhiteElo "2075"]
[BlackElo "2105"]
[PlyCount "69"]
[EventDate "2022.10.09"]
[EventType "team-tourn"]
[EventRounds "9"]
[EventCountry "GER"]
[SourceTitle "EXT 2024"]
[Source "ChessBase"]
[SourceDate "2023.10.10"]
[SourceVersion "1"]
[SourceVersionDate "2023.10.10"]
[SourceQuality "1"]
[WhiteTeam "Marktoberdorf"]
[BlackTeam "Bayern Muenchen IV"]
[WhiteTeamCountry "GER"]
[BlackTeamCountry "GER"]

1. d4 Nf6 2. c4 e6 3. Nc3 Bb4 4. Nf3 c5 5. Qc2 cxd4 6. Nxd4 Nc6 7. Nxc6 dxc6 8. e3 0-0 9. Be2 e5 10. 0-0 Qe7 11. b3 e4 12. Bb2 Re8 13. Rfd1 Bd6 14. g3 h5 15. h4 Bc7 16. Rd4 Bb6 17. Rd2 Ng4 18. Nd1 Qe6 19. Bd4 Bc7 20. Bf1 Qf5 21. Bg2 g5 22. hxg5 Qxg5 23. Bxe4 h4 24. f4 Qh6 25. Kg2 hxg3 26. Kxg3 f5 27. Bxf5 Nxe3 28. Bxe3 Rxe3+ 29. Nxe3 Qxf4+ 30. Kg2 Qg5+ 31. Kf1 Bxf5 32. Nxf5 Rf8 33. Rf2 Rf7 34. Re1 Qh5 35. Re8+ 1-0

[Event "Mittelfrank Regionalliga Sud-West 2223"]
[Site "Mittelfranken"]
[Date "2023.03.05"]
[Round "7.1"]
[White "Manucharyan, Andriy"]
[Black "Schreiner, Richard"]
[Result "1/2-1/2"]
[WhiteElo "2105"]
[BlackElo "2119"]
[PlyCount "72"]
[EventDate "2022.10.09"]
[EventType "team-tourn"]
[EventRounds "9"]
[EventCountry "GER"]
[SourceTitle "EXT 2024"]
[Source "ChessBase"]
[SourceDate "2023.10.10"]
[SourceVersion "1"]
[SourceVersionDate "2023.10.10"]
[SourceQuality "1"]
[WhiteTeam "Bayern Muenchen IV"]
[BlackTeam "Garching III"]
[WhiteTeamCountry "GER"]
[BlackTeamCountry "GER"]

1. d4 Nf6 2. c4 e6 3. g3 d5 4. Nf3 Be7 5. Bg2 0-0 6. 0-0 Nbd7 7. Qc2 c6 8. Nbd2 Re8 9. Rd1 b6 10. e4 dxe4 11. Nxe4 Nxe4 12. Qxe4 Bb7 13. Bf4 Nf6 14. Qc2 a5 15. Ne5 Qc8 16. c5 b5 17. g4 Nd5 18. Bxd5 exd5 19. Rd3 g6 20. Rh3 Bf6 21. f3 Re7 22. Qd2 Qe6 23. Re1 Bg7 24. Bg3 Qc8 25. Kg2 f6 26. Nd3 Qe8 27. Bf2 Bc8 28. Rg3 Raa7 29. h3 b4 30. f4 Rxe1 31. Nxe1 Re7 32. Re3 Bh6 33. Nf3 Re4 34. Rxe4 Qxe4 35. Kg3 Ba6 36. Qe3 Qxe3 1/2-1/2